Đi dọc cánh đồng thơ : Tiểu luận - Phê bình - Chân dung văn học / Trịnh Thanh Sơn.
Đã lưu trong:
| 主要作者: | |
|---|---|
| 格式: | 圖書 |
| 語言: | Vietnamese |
| 出版: |
Lao động,
2002.
|
| 主題: | |
| 標簽: |
添加標簽
沒有標簽, 成為第一個標記此記錄!
|
| Thư viện lưu trữ: | Mạng thư viện Đại học Đà Nẵng |
|---|
| LEADER | 01093cam a22003131a 4500 | ||
|---|---|---|---|
| 001 | 000035783 | ||
| 003 | 12075 | ||
| 005 | 20210703084413.0 | ||
| 008 | 160318s2002 vm 000 vie | ||
| 041 | |a vie | ||
| 082 | |a 895.924 |b TR-S | ||
| 100 | |a Trịnh Thanh Sơn | ||
| 245 | 0 | |a Đi dọc cánh đồng thơ : Tiểu luận - Phê bình - Chân dung văn học / Trịnh Thanh Sơn. | |
| 260 | |a Lao động, |c 2002. | ||
| 300 | |a 439tr.:nh ;20cm. | ||
| 650 | |a Đi dọc cánh đồng thơ | ||
| 852 | |c Sách tham khảo | ||
| OWN | |a LNN | ||
| AVA | |a UDN50 |b LNN |d 895.924 TR-S |e available |t Error 5001 Not defined in file expand_doc_bib_avail. |f 1 |g 0 |h N |i 0 |k 1 | ||
| 999 | |a From the UDN01 | ||
| AVA | |a UDN50 |b LNN |d 895.924 TR-S |e available |t Error 5001 Not defined in file expand_doc_bib_avail. |f 1 |g 0 |h N |i 0 |k 1 | ||
| TYP | |a Monograph | ||
| TYP | |a Printed language | ||
| 980 | |a Mạng thư viện Đại học Đà Nẵng | ||